000
00251nam a22001217a 4500
008
170505b xxu||||| |||| 00| 0 eng d
041
_a
eng
080
_a
34
100
_a
15
101
_a
SHJ
245
_a
PROCEEDINGS
_c
MERRIMAN, D
942
_2
udc
_c
BK
999
_c
12726
_d
12726